|
|
|
|
| LEADER |
01641cam a2200457 a 4500 |
| 001 |
nkc20122356765 |
| 003 |
CZ PrNK |
| 005 |
20170303235014.0 |
| 007 |
ta |
| 008 |
120611s2012 xr b e 000 0 cze d |
| 015 |
|
|
|a cnb002356765
|
| 020 |
|
|
|a 978-80-904378-8-3
|q (brož.)
|
| 035 |
|
|
|a (OCoLC)857951188
|
| 040 |
|
|
|a KLG001
|b cze
|d ABA001
|
| 041 |
1 |
|
|a cze
|h eng
|
| 072 |
|
7 |
|a 2-23/-27
|x Bible. Biblistika
|2 Konspekt
|9 5
|
| 080 |
|
|
|a 27-247.8
|2 MRF
|
| 080 |
|
|
|a 27-277.2
|2 MRF
|
| 080 |
|
|
|a (0.072)
|2 MRF
|
| 100 |
1 |
|
|a MacArthur, John,
|d 1939-2025
|7 uk2011668605
|4 aut
|
| 245 |
1 |
0 |
|a Evangelium podle Jana :
|b komentář verš po verši /
|c John MacArthur ; [překlad Jan Janča]
|
| 246 |
3 |
|
|a Evangelium podle Jana - komentář verš po verši
|
| 250 |
|
|
|a 1. vyd.
|
| 260 |
|
|
|a Kroměříž :
|b Občanské sdružení Didasko,
|c c2012
|
| 300 |
|
|
|a 98 s. :
|b mapy ;
|c 22 cm
|
| 500 |
|
|
|a Přeloženo z angličtiny
|
| 630 |
0 |
7 |
|a Bible.
|p Jan
|7 unn2006374689
|2 czenas
|
| 630 |
0 |
9 |
|a Bible.
|p John
|2 eczenas
|
| 650 |
0 |
7 |
|a biblická exegeze
|7 ph118844
|2 czenas
|
| 650 |
0 |
9 |
|a Biblical exegesis
|2 eczenas
|
| 655 |
|
7 |
|a komentáře
|7 fd132578
|2 czenas
|
| 655 |
|
9 |
|a commentaries
|2 eczenas
|
| 730 |
0 |
2 |
|a Bible.
|p Jan.
|l Česky
|7 unn2007384899
|
| 765 |
0 |
|
|t MacArtur Bible commentary
|9 Česky
|
| 856 |
4 |
1 |
|u http://www.digitalniknihovna.cz/mzk/uuid/uuid:4d1f6cd0-e858-11e6-8010-005056827e51
|y Digitalizovaný dokument
|x NDK
|
| 910 |
2 |
|
|a BOA001
|b 2-1317.858
|
| 928 |
9 |
|
|a Didasko
|
| 990 |
|
|
|a BK
|
| 995 |
|
|
|a 01
|
| 991 |
|
|
|b 201401
|c NOV
|e n
|
| 996 |
6 |
|
|b 2610576779
|c 2-1317.858
|l MZK
|r Sklad / do 1 hodiny
|n 10
|p p.v.
|w 001394138
|u 000010
|a 1
|e BOA001
|j MZK50
|s P
|